| 000 | 01071 a2200169 4500 | ||
|---|---|---|---|
| 003 | Nust | ||
| 005 | 20221222124248.0 | ||
| 040 | _cNust | ||
| 082 | _a297.122, SEO | ||
| 100 |
_aSeoharvi, Muhammad Hifzur Rehman _9105674 |
||
| 245 |
_aStories from the Quran _cMaulana Muhammad Hifzur rehman Seoharvi |
||
| 260 |
_aKarachi _bDarul Ishaat |
||
| 300 | _a691:p | ||
| 505 | _aSayyidina Aadam (Page-1), Sayyidina Habil And Qabil (Page-67), Sayyidina Nuh (Page-71), Sayyidina Idris (Page-93), Sayyidina Salih (Page-123), Sayyidina Ibrahim (Page-147), Sayyidina Ismail (Page-203), Sayyidina Ishaq (Page-223), Sayyidina Yaqub (Page-249), Sayyidina Shuyab (Page-303), Sayyidina Musa (Page-315), Sayyidina Yusha Bin Noon (Page-495), Sayyidina Hiezqil (Page-503), Sayyidina Ilyas (Page-509), Sayyidina Al Yasa (Page-515), Sayyidina Dawood (Page-531), Sayyidina Sulayman (Page-557), Sayyidina Ayyub (Page-605), Sayyidina Yunus (Page-619), Sayyidina Zulkifl (Page-641), Sayyidina Uzayr (Page-651), Sayyidina Zakariyya (Page-661). | ||
| 650 |
_a the Quran _9105675 |
||
| 942 |
_2ddc _cBK |
||
| 999 |
_c185277 _d185277 |
||